Cántico inútil ; Cartas cerradas ; Primer exilio ; Huyeron todas las islas / (Record no. 13555)

MARC details
000 -LEADER
campo de control de longitud fija 01035nam a2200289 i 4500
001 - NÚMERO DE CONTROL
campo de control 13555
003 - IDENTIFICADOR DE NÚMERO DE CONTROL
campo de control ES-MaACL
005 - FECHA Y HORA DE LA ÚLTIMA TRANSACCIÓN
campo de control 20250801043711.0
007 - CAMPO FIJO DE DESCRIPCIÓN FÍSICA--INFORMACIÓN GENERAL
campo de control de longitud fija t|
008 - DATOS DE LONGITUD FIJA--INFORMACIÓN GENERAL
campo de control de longitud fija 980518s1997 sp |||| | spa d
020 ## - NÚMERO INTERNACIONAL ESTÁNDAR DEL LIBRO
Número Internacional Estándar del Libro 84-7785-222-7
080 ## - NÚMERO DE LA CLASIFICACIÓN DECIMAL UNIVERSAL
Número de la Clasificación Decimal Universal 860-14"19"
100 1# - ENTRADA PRINCIPAL--NOMBRE DE PERSONA
Nombre de persona Champourcin, Ernestina de,
Fechas asociadas al nombre 1905-1999
9 (RLIN) 37933
245 10 - MENCIÓN DEL TÍTULO
Título Cántico inútil ; Cartas cerradas ; Primer exilio ; Huyeron todas las islas /
Mención de responsabilidad, etc. Ernestina de Champourcin ; edición de Milagros Arizmendi.
260 ## - PUBLICACIÓN, DISTRIBUCIÓN, ETC.
Lugar de publicación, distribución, etc. Málaga :
Nombre del editor, distribuidor, etc. Centro Cultural de la Generación del 27,
Fecha de publicación, distribución, etc. 1997.
300 ## - DESCRIPCIÓN FÍSICA
Extensión 365 p. ;
Dimensiones 22 cm.
490 1# - MENCIÓN DE SERIE
Mención de serie El paraíso desdeñado
600 14 - PUNTO DE ACCESO ADICIONAL DE MATERIA--NOMBRE DE PERSONA
Nombre de persona Champourcin, Ernestina de,
Fechas asociadas al nombre 1905-1999-
Subdivisión general Crítica e interpretación
9 (RLIN) 37934
700 1# - ENTRADA AGREGADA--NOMBRE PERSONAL
Nombre de persona Arizmendi, Milagros.
9 (RLIN) 22881
710 2# - ENTRADA AGREGADA--NOMBRE DE ENTIDAD CORPORATIVA
Nombre de entidad corporativa o nombre de jurisdicción como elemento de entrada Centro Cultural Generación del 27.
9 (RLIN) 2582
740 02 - ENTRADA AGREGADA--TÍTULO RELACIONADO/ANALÍTICO NO CONTROLADO
Título relacionado o analítico no controlado Cartas cerradas.
740 02 - ENTRADA AGREGADA--TÍTULO RELACIONADO/ANALÍTICO NO CONTROLADO
Título relacionado o analítico no controlado Primer exilio.
740 02 - ENTRADA AGREGADA--TÍTULO RELACIONADO/ANALÍTICO NO CONTROLADO
Título relacionado o analítico no controlado Huyeron todas las islas.
830 0# - PUNTO DE ACCESO ADICIONAL DE SERIE-TÍTULO UNIFORME
Título uniforme El paraíso desdeñado
9 (RLIN) 179487
852 ## - LOCALIZACIÓN
Ubicación ES-MaACL
Número de control de estantería L-20885
Holdings
Estatus retirado Estado de pérdida Estado de daño No para préstamo Biblioteca de origen Biblioteca actual Ubicación en estantería Fecha de adquisición Fuente de adquisición Total de préstamos Signatura topográfica completa Código de barras Visto por última vez Precio de reemplazo Tipo de ítem Koha
        Biblioteca del Ateneo de Madrid Biblioteca del Ateneo de Madrid Depósito 2 17/01/2008     L-20885 1013799 23/02/2023 23/02/2023 Libro impreso